Comunicacin̤ y Protocolo Empresarial en los pas̕es de la zona euro

Bibliographic Details
Main Author: Lario, Jess︢ Esteban
Format: eBook
Language:Spanish
Published: Madrid: Dykinson, 2014
Subjects:
Online Access:Acceso restringido

MARC

LEADER 00000nam a22000007a 4500
005 20141019223023.0
007 cr|||| ||||
008 141019s2014 es |||||s|||| 00||0 spa d
020 |a 978-84-9085-110-4 
035 |a 12461 
040 |a vLex 
090 |c 5236  |d 5236 
100 1 |a Lario, Jess︢ Esteban 
245 1 0 |a Comunicacin̤ y Protocolo Empresarial en los pas̕es de la zona euro  |h [Recurso electrn̤ico] /  |c Jess︢ Esteban Lario 
256 |a Servicio en ln̕ea 
260 |a Madrid:  |b Dykinson,  |c 2014 
300 |a 1 recurso electrn̤ico 
506 1 |a Disponible solo en los productos indicados  |d vLex Global  |d vLex Global (Academic Edition, excluding Law Schools)  |d vLex Global (U.S. Academic Edition, Law Schools)  |d vLex Global (U.S. Academic Edition, excluding Law Schools)  |d vLex Global (Academic Edition, Law Schools) 
650 0 4 |a Derecho Mercantil y de la Empresa  |z Espaą 
650 0 4 |a Derecho Internacional  |z Espaą 
740 0 |a vLex Libros (Servicio en ln̕ea) 
856 4 0 |u http://vlex.com/source/comunicacion-protocolo-empresarial-paises-zona-euro-12461  |z Acceso restringido 
942 |c BOOK 
999 0 |a Commercial Law and Business 
999 0 |a International Law